Cultura, política y sociedad: perspectivas latinoamericanas /
El artículo ofrece un recorrido por los enfoques que han primado a la hora de acercarse a los llamados estudios de la africanía en el contexto definido como latinoamericano, desde un punto de vista regional mas no cultural. Tales enfoques son el académico, el intelectual y del sujeto histórico afrod...
Tallennettuna:
| Päätekijä: | |
|---|---|
| Muut tekijät: | |
| Aineistotyyppi: | Teksti |
| Julkaistu: |
Buenos Aires:
CLACSO
|
| Aiheet: | |
| Tagit: |
Lisää tagi
Ei tageja, Lisää ensimmäinen tagi!
|
MARC
| LEADER | 00000 a a2200000 04500 | ||
|---|---|---|---|
| 001 | 32486 | ||
| 003 | |||
| 040 | |||
| 020 | |a 987-1183-27-5 | ||
| 090 | |a 202509 | ||
| 100 | |a Mato, Daniel | ||
| 245 | |a Cultura, política y sociedad: perspectivas latinoamericanas / |c Daniel Mato | ||
| 260 | |a Buenos Aires: |b CLACSO | ||
| 300 | |a 504 p. | ||
| 520 | |a El artículo ofrece un recorrido por los enfoques que han primado a la hora de acercarse a los llamados estudios de la africanía en el contexto definido como latinoamericano, desde un punto de vista regional mas no cultural. Tales enfoques son el académico, el intelectual y del sujeto histórico afrodescendiente | ||
| 650 | |a NEGROS | ||
| 650 | |a CULTURA | ||
| 650 | |a INVESTIGACION | ||
| 650 | |a AMERICA LATINA | ||
| 650 | |a CARIBE | ||
| 700 | |a comp. | ||
| 999 | |c 15836 |d 15836 | ||



